000 00646nam a22002297a 4500
003 OSt
005 20250904105908.0
008 250904t2015 ag a||||r|||| 00| f spa d
020 _a978-987-24879-5-9
040 _cBesoc
080 _082-32(410.1)
100 1 _aOrwell, George,
_d1903-1950
_eautor
245 1 0 _aRebelión en la granja /
_cGeorge Orwell.
250 _a1a ed. 2a reimp.
260 _aBuenos Aires :
_bLa estación,
_c2015.
300 _a144 p. ;
_c18 cm.
490 0 _aNarrativa
_v109
500 _aIncluye "Trabajos en la Estación"
650 4 _aLiteratura Inglesa
_xNovela
_ySiglo XX
655 4 _aNovela
942 _2udc
_cLPD
_n0
999 _c574
_d574